Business Law International

Detalles Bibliográficos
Formato: eBook
Lenguaje:inglés
Publicado: London : International Bar Association, 2009-
Materias:
Acceso en línea:http://www.vlex.com/source/7167

MARC

LEADER 00000nam a22000007a 4500
005 20130301104421.0
007 cr|||| ||||
008 130301c20099999xxutr|p s|||| 0|||a1eng d
022 |a 1467632X  
035 |a 7167 
040 |a vLex 
090 |c 3801  |d 3801 
245 0 0 |a Business Law International  |h [Recurso electrn̤ico] 
256 |a Servicio en ln̕ea 
260 |a London :  |b International Bar Association,   |c 2009- 
300 |a 1 Recurso electrn̤ico 
506 |d vLex Global  |d vLex Global (Academic Edition, excluding Law Schools)  |d vLex Global (U.S. Academic Edition, Law Schools)  |d vLex Global (U.S. Academic Edition, excluding Law Schools)  |d vLex Global (Academic Edition, Law Schools) 
650 0 4 |a Derecho mercantil  |v Revistas 
650 0 4 |a Administracin̤ (Management)  |v Revista 
740 |a vLex Revistas (Servcio en ln̕ea)  
856 |a Acceso restringido  |u http://www.vlex.com/source/7167 
942 |c REV 
999 0 |a Commercial law